Destinations : an integrated approach to writing paragraphs and essays

This process-oriented, paragraph-to-essay level workbook teaches students to write well by drawing on the ways in which they already use language effectively - in thinking, speaking, writing informally, and reading. The text's integrated approach to grammar and its emphasis on writing's re...

Descrizione completa

Salvato in:
Dettagli Bibliografici
Autore principale: Bailey, Richard E.
Natura: Libro
Lingua:Undetermined
Pubblicazione: Boston McGraw-Hill 2004
Soggetti:
Tags: Aggiungi Tag
Nessun Tag, puoi essere il primo ad aggiungerne! !
Thư viện lưu trữ: Trung tâm Học liệu Trường Đại học Cần Thơ
LEADER 01274nam a2200229Ia 4500
001 CTU_168202
008 210402s9999 xx 000 0 und d
020 |c 6.95 
082 |a 808.042 
082 |b B155 
100 |a Bailey, Richard E. 
245 0 |a Destinations : 
245 3 |b an integrated approach to writing paragraphs and essays 
245 0 |c Richard E. Bailey, Linda Denstaedt 
260 |a Boston 
260 |b McGraw-Hill 
260 |c 2004 
520 |a This process-oriented, paragraph-to-essay level workbook teaches students to write well by drawing on the ways in which they already use language effectively - in thinking, speaking, writing informally, and reading. The text's integrated approach to grammar and its emphasis on writing's real-life applications set it apart from its competitors. 
650 |a English language,English language,Report writing,Tiếng Anh,Tiếng Anh,Viết báo cáo 
650 |x Paragraphs,Problems, exercise, etc,Rhetoric,Problems, exercise, etc,Problems, exercise, etc,Đoạn văn,Bài tập, Các vấn đề, vv.,Tu từ học,Bài tập, Các vấn đề, vv.,Bài tập, Các vấn đề, vv. 
904 |i Năm 
980 |a Trung tâm Học liệu Trường Đại học Cần Thơ